书目信息 |
| 题名: |
装修前不看会哭的50堂课
|
|
| 作者: | ;搜狐家居 , 搜狐焦点装修大学 主编 | |
| 分册: | ||
| 出版信息: | 北京 当代中国出版社 2012 |
|
| 页数: | 252页 | |
| 开本: | 23cm | |
| 丛书名: | ||
| 单 册: | ||
| 中图分类: | TU767.7 | |
| 科图分类: | ||
| 主题词: | 住宅--室内装修--基本知识 , 住宅 , 室内装修 | |
| 电子资源: | ||
| ISBN: | 978-7-5154-0020-4 | |
| 000 | 01051nam0 2200277 450 | |
| 001 | 012015000531 | |
| 005 | 20150911083632.64 | |
| 010 | @a978-7-5154-0020-4@dCNY36.00 | |
| 100 | @a20120815d2012 em y0chiy50 ea | |
| 101 | 0 | @achi |
| 102 | @aCN@b110000 | |
| 105 | @aa z 000yy | |
| 106 | @ar | |
| 200 | 1 | @a装修前不看会哭的50堂课@Azhuang xiu qian bu kan hui ku de 50 tang ke@f搜狐家居,搜狐焦点装修大学主编 |
| 210 | @a北京@c当代中国出版社@d2012 | |
| 215 | @a252页@c图@d23cm | |
| 300 | @a装修日记 1 | |
| 330 | @a本书从搜狐焦点装修大学论坛数以万计的装修日记中精选出50篇稿件,搜狐家居装修强人倾囊相授,关于装修中伤不起的雷区和误区。每一篇都是数千万网友的经验,每一则装修失败案例读者都会遇到或都能避免,每一堂装修经验课让读者都可以用来实践操作。 | |
| 606 | 0 | @a住宅@x室内装修@x基本知识 |
| 606 | 0 | @a住宅 |
| 606 | 0 | @a室内装修 |
| 690 | @aTU767.7@v5 | |
| 711 | 02 | @a搜狐家居@Asou hu jia ju@4主编 |
| 711 | 02 | @a搜狐焦点装修大学@Asou hu jiao dian zhuang xiu da xue@4主编 |
| 801 | 0 | @aCN@b碧洲教育@c20150716 |
| 905 | @a10447@f4@dTU767.7@e694 | |
| 装修前不看会哭的50堂课/搜狐家居,搜狐焦点装修大学主编.-北京:当代中国出版社,2012 |
| 252页:图;23cm |
| 装修日记 1 |
| ISBN 978-7-5154-0020-4:CNY36.00 |
| 本书从搜狐焦点装修大学论坛数以万计的装修日记中精选出50篇稿件,搜狐家居装修强人倾囊相授,关于装修中伤不起的雷区和误区。每一篇都是数千万网友的经验,每一则装修失败案例读者都会遇到或都能避免,每一堂装修经验课让读者都可以用来实践操作。 |
| ● |
| 相关链接 |
|
|
|
|
正题名:装修前不看会哭的50堂课
索取号:TU767.7/694
 
预约/预借
| 序号 | 登录号 | 条形码 | 馆藏地/架位号 | 状态 | 备注 |
| 1 | 0849008 | 208490088 | 第二样本阅览室/ [索取号:TU767.7/694] | 在馆 | |
| 2 | 0849009 | 208490097 | 第三借阅区/ [索取号:TU767.7/694] | 在馆 | |
| 3 | 0849010 | 208490104 | 第三借阅区/ [索取号:TU767.7/694] | 在馆 | |
| 4 | 0849011 | 208490113 | 第三借阅区/ [索取号:TU767.7/694] | 在馆 |